Science Quiz

Random Science or Animal Quiz

Build the Human Skull Quiz Stats

 Plays Quiz Updated May 19, 2019

Support Sporcle.
Go Orange.
Score 0/103 Timer 08:00
0 Plays Today
% Correct
Mandible
91%
Mandible
91%
Mandible
91%
Mandible
91%
Mandible
91%
Mandible
91%
Mandible
91%
Mandible
91%
Mandible
91%
Mandible
91%
Mandible
91%
Mandible
91%
Mandible
91%
Mandible
91%
Mandible
91%
Mandible
91%
Mandible
91%
Mandible
91%
Mandible
91%
Mandible
91%
Mandible
91%
Mandible
91%
Mandible
91%
Mandible
91%
Frontal
85.1%
Frontal
85.1%
Frontal
85.1%
Frontal
85.1%
Frontal
85.1%
Occipital
81.9%
Occipital
81.9%
Occipital
81.9%
Occipital
81.9%
Occipital
81.9%
Occipital
81.9%
% Correct
Temporal (2)
78.6%
Temporal (2)
78.6%
Temporal (2)
78.6%
Temporal (2)
78.6%
Temporal (2)
78.6%
Parietal (2)
76.6%
Parietal (2)
76.6%
Parietal (2)
76.6%
Maxilla (2)
76.4%
Maxilla (2)
76.4%
Maxilla (2)
76.4%
Maxilla (2)
76.4%
Maxilla (2)
76.4%
Maxilla (2)
76.4%
Maxilla (2)
76.4%
Maxilla (2)
76.4%
Maxilla (2)
76.4%
Maxilla (2)
76.4%
Maxilla (2)
76.4%
Maxilla (2)
76.4%
Maxilla (2)
76.4%
Maxilla (2)
76.4%
Maxilla (2)
76.4%
Maxilla (2)
76.4%
Maxilla (2)
76.4%
Maxilla (2)
76.4%
Maxilla (2)
76.4%
Maxilla (2)
76.4%
Maxilla (2)
76.4%
Maxilla (2)
76.4%
Maxilla (2)
76.4%
Maxilla (2)
76.4%
Maxilla (2)
76.4%
Maxilla (2)
76.4%
Maxilla (2)
76.4%
% Correct
Maxilla (2)
76.4%
Maxilla (2)
76.4%
Nasal (2)
70.7%
Nasal (2)
70.7%
Nasal (2)
70.7%
Zygomatic (2)
65.2%
Zygomatic (2)
65.2%
Zygomatic (2)
65.2%
Zygomatic (2)
65.2%
Zygomatic (2)
65.2%
Zygomatic (2)
65.2%
Sphenoid
57.7%
Sphenoid
57.7%
Sphenoid
57.7%
Sphenoid
57.7%
Sphenoid
57.7%
Sphenoid
57.7%
Sphenoid
57.7%
Sphenoid
57.7%
Ethmoid
54.3%
Ethmoid
54.3%
Ethmoid
54.3%
Ethmoid
54.3%
Ethmoid
54.3%
Ethmoid
54.3%
Lacrimal (2)
47.4%
Lacrimal (2)
47.4%
Lacrimal (2)
47.4%
Vomer
45.7%
Palatine (2)
32.7%
Palatine (2)
32.7%
Inferior Nasal Concha (2)
27.6%
Inferior Nasal Concha (2)
27.6%

You're not logged in!

Compare scores with friends on all Sporcle quizzes.
OR
Log In

From the Vault

Follow That Lyric: Mary Poppins

by Puzzgal

When the day is gray and ordinary, play some Sporcle quizzes.
Remove Ads.
Support Sporcle.
Get the best of Sporcle when you Go Orange. This ad-free experience offers more features, more stats, and more fun while also helping to support Sporcle. Thank you for becoming a member.

Show Comments

Extras

Top Quizzes Today


Score Distribution

Your Account Isn't Verified!

In order to create a playlist on Sporcle, you need to verify the email address you used during registration. Go to your Sporcle Settings to finish the process.

Report this User

Report this user for behavior that violates our Community Guidelines.

Details: